000 00331nam a2200145 a 4500
008 010720s1965||||xx 0 und c
040 _aSNK
_bslo
_cSNK
_eAACR2
100 1 _aLondon, Jack
245 1 0 _aMořský Vlk
260 _bSmena
_c1965
_aBratislava
300 _a238 s.
044 _axo
_cSK
041 _aslo
020 _c14,50
999 _c12128
_d12128